Weaving it together
Guardado en:
| Autor principal: | |
|---|---|
| Formato: | Libro |
| Lenguaje: | Undetermined |
| Publicado: |
Australia
Thomson Heinle
2005
|
| Materias: | |
| Etiquetas: |
Agregar Etiqueta
Sin Etiquetas, Sea el primero en etiquetar este registro!
|
| Thư viện lưu trữ: | Trung tâm Học liệu Trường Đại học Cần Thơ |
|---|
| LEADER | 00558nam a2200217Ia 4500 | ||
|---|---|---|---|
| 001 | CTU_122042 | ||
| 008 | 210402s9999 xx 000 0 und d | ||
| 020 | |c 189000 | ||
| 082 | |a 428.24 | ||
| 082 | |b B875/CD.1 | ||
| 100 | |a Broukal, Milada | ||
| 245 | 0 | |a Weaving it together | |
| 245 | 0 | |c Milada Broukal | |
| 260 | |a Australia | ||
| 260 | |b Thomson Heinle | ||
| 260 | |c 2005 | ||
| 650 | |a English language | ||
| 650 | |x Textbooks for foreign speakers | ||
| 904 | |i M.Loan | ||
| 915 | |a 400 | ||
| 980 | |a Trung tâm Học liệu Trường Đại học Cần Thơ | ||